00353nam a2200145Ia 450000500170000000800410001702000150005808200130007310000160008624500220010226000280012430000160015265000120016865000270018020240722074407.0240331s9999 xx 000 0 und d a0415120756 a212bHUG aHughes, G.J 4aThe nature of god aLondonbRoutledgec1995 ax, 219 p ., aHistory aProblems of philosophy